000 00566nam a2200181Ia 4500
008 090123s9999 xx 000 0 und d
082 _b13660
_a891.463/मेहता
100 _aमेहता शशिकला
245 _aही अशी ती तशी
250 _a1
260 _bभगवानदास हि.
300 _a194
600 _aमेहता शशिकला
630 _aही अशी ती तशी
700 _aमेहता शशिकला
730 _aही अशी ती तशी
942 _cBOOK
999 _c51723
_d51723